000 00272nam a2200109Ia 4500
008 190216s9999||||xx |||||||||||||| ||und||
100 _aThirunalloor Karunakaran
245 0 _aMalayala Bhasha Parinamam
260 _bPrabhath Book House
650 _aSahithyam
942 _cBK
999 _c24285
_d24285